000 00430nam a22001697a 4500
003 LK-CoDNM
005 20250206093142.0
008 250131b |||||||| |||| 00| 0 eng d
040 _aLK-CoDNM
_dLK-CoDNM
_eLK-CoDNM
041 _aeng
080 _a123
245 _aComplete Manual Of Therapy with the meti-steroids
260 _ausa
_bscreing coporation
_c1956
300 _a140p. ; 24 cm
650 _ascience
942 _cBK
999 _c237884
_d237884